Statistics for Visit All Countries: move to bordering or jump to almost bordering country - start in Zimbabwe

Click here to take the quiz!

General Stats

  • This quiz has been taken 442 times
  • The average score is 92 of 154

Answer Stats

DISTANCECOUNTRY% Correct
BordersZ{ambia}
100%
BordersD{emocratic Republic of the Congo}
96%
BordersR{wanda}
96%
BordersT{anzania}
96%
BordersC{ameroon}
90%
BordersC{entral African Republic}
89%
BordersG{abon}
89%
BordersE{quatorial Guinea}
88%
BordersD{jibouti}
87%
BordersE{ritrea}
87%
BordersE{thiopia}
87%
Borders borderingU{ganda}
87%
BordersK{enya}
86%
BordersR{epublic of the Congo}
86%
BordersS{outh Sudan}
86%
BordersS{udan}
86%
Borders borderingA{ngola}
85%
Borders borderingC{had}
85%
BordersL{esotho}
85%
BordersN{amibia}
85%
BordersS{omalia}
85%
BordersS{outh Africa}
85%
BordersB{otswana}
84%
BordersM{ali}
83%
CTD = 6N{igeria}
83%
BordersM{alawi}
82%
Borders borderingM{ozambique}
82%
BordersN{iger}
82%
Borders borderingS{waziland}
82%
Borders borderingB{urundi}
81%
BordersT{ogo}
81%
BordersA{lgeria}
80%
BordersB{enin}
80%
BordersE{gypt}
80%
BordersG{hana}
80%
BordersI{ran}
80%
BordersI{raq}
80%
BordersI{srael}
80%
Borders borderingJ{ordan}
80%
Borders borderingL{iberia}
80%
BordersL{ibya}
80%
BordersA{rmenia}
79%
BordersL{ebanon}
79%
BordersS{yria}
79%
BordersT{unisia}
79%
BordersT{urkey}
79%
BordersA{zerbaijan}
78%
BordersB{ulgaria}
78%
BordersB{urkina Faso}
78%
BordersE{stonia}
78%
BordersG{uinea}
78%
BordersL{ithuania}
78%
BordersM{auritania}
78%
BordersP{oland}
78%
BordersR{omania}
78%
BordersR{ussia}
78%
BordersU{kraine}
78%
BordersF{inland}
77%
BordersL{atvia}
77%
BordersM{oldova}
77%
BordersN{orway}
77%
BordersS{erbia}
77%
BordersS{ierra Leone}
77%
BordersS{weden}
77%
BordersC{ote d'Ivoire}
76%
BordersG{reece}
76%
Borders borderingS{enegal}
76%
BordersS{lovakia}
76%
BordersI{ndia}
66%
BordersK{azakhstan}
66%
BordersT{ajikistan}
66%
BordersT{urkmenistan}
66%
BordersU{zbekistan}
66%
BordersB{angladesh}
65%
BordersB{hutan}
65%
BordersC{hina}
65%
BordersK{yrgyzstan}
65%
Borders borderingP{akistan}
65%
BordersC{ambodia}
64%
Borders borderingL{aos}
64%
CTD = 3N{orth Korea}
64%
BordersI{ndonesia}
63%
BordersM{alaysia}
63%
Borders borderingT{hailand}
63%
BordersV{ietnam}
63%
Borders borderingA{fghanistan}
62%
BordersB{urma}
62%
BordersE{ast Timor}
62%
Borders borderingN{epal}
62%
Borders borderingP{apua New Guinea}
60%
Borders borderingM{ongolia}
56%
CTD = 3B{runei}
54%
BordersA{lbania}
45%
Borders borderingH{ungary}
45%
BordersK{osovo}
45%
BordersB{osnia and Herzegovina}
44%
BordersC{roatia}
44%
BordersM{ontenegro}
44%
BordersM{acedonia}
43%
BordersF{rance}
42%
Borders borderingI{taly}
42%
BordersA{rgentina}
41%
CTD = 3A{ustria}
41%
BordersB{razil}
41%
BordersL{iechtenstein}
41%
BordersS{witzerland}
41%
BordersB{olivia}
40%
BordersU{ruguay}
40%
BordersC{olombia}
39%
BordersE{cuador}
39%
BordersG{uyana}
39%
Borders borderingS{uriname}
39%
BordersV{enezuela}
39%
BordersP{eru}
38%
Borders borderingC{hile}
37%
CTD = 3P{anama}
37%
BordersU{nited States}
37%
Borders borderingB{elize}
36%
BordersH{onduras}
36%
BordersM{exico}
36%
Borders borderingP{araguay}
36%
CTD = 5S{ri Lanka}
36%
Borders borderingB{elarus}
35%
BordersC{anada}
35%
BordersC{osta Rica}
35%
BordersE{l Salvador}
35%
CTD = 3G{eorgia}
35%
BordersG{uatemala}
35%
BordersN{icaragua}
35%
BordersO{man}
33%
BordersQ{atar}
33%
CTD = 4S{outh Korea}
33%
BordersU{nited Arab Emirates}
33%
BordersY{emen}
33%
BordersD{enmark}
30%
Borders borderingK{uwait}
30%
Borders borderingV{atican City}
30%
Borders borderingC{zech Republic}
29%
BordersG{ermany}
29%
BordersN{etherlands}
29%
Borders borderingS{an Marino}
29%
Borders borderingS{lovenia}
29%
CTD = 11B{elgium}
27%
CTD = 8S{audi Arabia}
27%
Borders borderingU{nited Kingdom}
27%
BordersI{reland}
25%
BordersP{ortugal}
25%
CTD = 3S{pain}
25%
Borders borderingA{ndorra}
24%
Borders borderingM{orocco}
24%
CTD = 6G{uinea-Bissau}
21%
Borders borderingL{uxembourg}
21%
CTD = 4M{onaco}
21%
Borders borderingG{ambia}
20%

Score Distribution

Percentile by Number Answered

Percent of People with Each Score

Your Score History

You have not taken this quiz